Дело о доставлении в Министерство народного просвещения Р.И. Бахерахтом печатных сведений о библиотеке, учрежденной в городе Пра...

Доступно только в Электронных читальных залах Найти на картеНа карте
RUSMARC
00003866nmc2a22000003x 450
0018b0f3b91-9457-403d-b2b8-be72a1f84ad2
00520180619131029.0
100##$a20160322l18661867k l0rusy0189 ca
1010#$arus
102##$aRU
2001#$aДело о доставлении в Министерство народного просвещения Р.И. Бахерахтом печатных сведений о библиотеке, учрежденной в городе Прато, и о предполагаемых к учреждению в деревнях Итальянского королевства приютах для крестьянских детей
$j4 октября 1866 г. - 8 июня 1867 г.
251##$cДело
300##$aДело
801#0$aRU
$bРГИА
$c20160322
$gRCR
801#1$aRU
$bГлавНИВЦ
$c20160322
$2rusmarc
801#2$aRU
$bПБ им. Б.Н. Ельцина
$c20180619
$gRCR
$2rusmarc
850##$aРГИА
852##$aРГИА
$eФедеральное казенное учреждение "Российский государственный исторический архив" (РГИА)
$j304
937##$hРГИА
$d12193889
$aASBIBLIO_SCAN
462#0$1001bddc07d4-03e3-4f2f-a715-f0b0b4a2fdca
$12001
$aДела по ученым учреждениям Департамента народного просвещения за 1863-1895 гг.
$1251
$cОпись
$1852
$j142
461#0$1001a74412a3-3cc5-4d21-8f0a-dfe2fbd9e72d
$12001
$aДепартамент народного просвещения Министерства народного просвещения (1803-1917)
$1251
$cФонд
$1852
$j733
215##$a9 л.
$d36,5х26 см
371##$aДокумент не является опубликованным и широко распространяемым
105##$ay###
1222#$ad
035##$a8b0f3b91-9457-403d-b2b8-be72a1f84ad2
856##$uhttp://readingroom.main.prlib.ru/item.aspx?id_node=n116203821&mode=full
Формат отображения